Loading...
| Science - Other | 0 | 5 | 0 | 1 | 50 | 79 | 99.60 | 0 | 1 | 8.79 | 20.91 |
| Science - Physics | 0 | 5 | 1 | 1 | 45 | 69 | 103.20 | 0 | 2 | 7.26 | 26.36 |
| Science - Chemistry | 0 | 4 | 0 | 2 | 40 | 67 | 107.75 | 0 | 2 | 4.30 | 18.18 |
| Fine Arts - Other | 0 | 3 | 0 | 0 | 30 | 93 | 115.00 | 1 | 2 | 5.52 | 17.27 |
| Fine Arts - Classical Music | 0 | 2 | 0 | 0 | 20 | 133 | 134.50 | 0 | 0 | 0.00 | 3.64 |
| History - World | 0 | 2 | 0 | 0 | 20 | 116 | 118.00 | 0 | 0 | 1.22 | 7.27 |
| Literature - American | 0 | 2 | 0 | 0 | 20 | 122 | 131.50 | 0 | 0 | 1.57 | 5.45 |
| Religion | 0 | 2 | 0 | 0 | 20 | 63 | 98.00 | 1 | 1 | 4.94 | 10.91 |
| Science - Biology | 0 | 2 | 1 | 1 | 15 | 116 | 126.50 | 0 | 0 | 0.84 | 2.73 |
| Current Events | 0 | 1 | 0 | 0 | 10 | 115 | 115.00 | 0 | 0 | 2.17 | 13.33 |
| Fine Arts - Painting and Sculpture | 0 | 1 | 0 | 0 | 10 | 131 | 131.00 | 0 | 0 | 0.00 | 0.91 |
| Geography | 0 | 1 | 0 | 0 | 10 | 135 | 135.00 | 0 | 0 | 0.00 | 5.00 |
| Literature - World | 0 | 1 | 0 | 0 | 10 | 109 | 109.00 | 0 | 1 | 1.64 | 7.27 |
| Social Science | 0 | 1 | 0 | 0 | 10 | 76 | 76.00 | 0 | 0 | 2.98 | 6.36 |
| Literature - European | 0 | 1 | 1 | 0 | 5 | 87 | 87.00 | 0 | 1 | 3.14 | 6.36 |
| History - Other | 0 | 0 | 1 | 0 | -5 | 0.00 | 0 | 0 | 0.00 | 0.00 |